Statistics for NBA All-Stars 2017-2018

Click here to take the quiz!

General Stats

  • This quiz has been taken 852 times
    (836 since last reset)
  • The average score is 25 of 28

Answer Stats

TeamTeam LeBron% Correct
OKC**Russell Westbrook
99%
GSW**Kevin Durant
98%
BOS**Kyrie Irving
98%
GSW**Stephen Curry
98%
NOP**Anthony Davis
97%
HOU**James Harden
97%
CLE**Lebron James
97%
MIL**Giannis Antetokounmpo
96%
GSWKlay Thompson
96%
WASBradley Beal
94%
PORDamian Lillard
94%
GSWDraymond Green
94%
PHI**Joel Embiid
94%
WAS*John Wall
94%
OKC***Paul George
94%
TOR**Demar Derozan
92%
MINKarl-Anthony Towns
92%
CHA***Kemba Walker
91%
CLE*Kevin Love
91%
TORKyle Lowry
91%
MINJimmy Butler
88%
INDVictor Oladipo
82%
DET***Andre Drummond
81%
NOP*DeMarcus Cousins
81%
BOSAl Horford
77%
SASLaMarcus Aldridge
76%
NYK*Kristaps Porzingis
72%
MIA***Goran Dragic
66%

Score Distribution

Percentile by Number Answered

Percent of People with Each Score

Your Score History

You have not taken this quiz since the last reset